| 000 | 03900nam0a2200553 4500 | ||
|---|---|---|---|
| 001 | RU\NLR\BIBL_A\012305951 | ||
| 005 | 20260531095052.0 | ||
| 021 |
_aRU _bКН-П-20-016187 _9КН-П-20-1264 |
||
| 029 | 1 | 0 |
_aRU _b3534-2-2019 _cГОСТ Р ИСО |
| 035 | _a(NLR Aleph) 012305951 | ||
| 035 | _a(RuMoRGB)010307154 | ||
| 090 |
_a13717255 _c13717255 |
||
| 100 | _a20200803d2020 k a0rusy50 ca | ||
| 101 | 0 | _arus | |
| 102 | _aRU | ||
| 105 | _aa l 000|y | ||
| 181 | 0 |
_ai _baxxe |
|
| 182 | 0 | _an | |
| 200 | 1 |
_aСтатистические методы _iСловарь и условные обозначения _hЧ. 2 _iПрикладная статистика _dStatistical methods. Vocabulary and symbols. Part 2. Applied statistics _zeng _eГОСТ Р ИСО 3534-2-2019 _fПодготовлен Научно-исследовательским центром контроля и диагностики технических систем (ЗАО "НИЦ КД") |
|
| 203 |
_aТекст _bвизуальный _cнепосредственный |
||
| 205 | _aИзд. офиц. | ||
| 210 |
_aМосква _cСтандартинформ _d2020 |
||
| 215 |
_aIV, 104 c. _cил. _d29 |
||
| 225 | 1 |
_aНациональный стандарт Российской Федерации _fФедеральное агентство по техническому регулированию и метрологии |
|
| 239 |
_aВвед. 01.01.2020 _aВзамен ГОСТ Р 50779.11-2000 (ИСО 3534-2-93) |
||
| 320 | _aБиблиогр.: с. 103 (29 назв.) | ||
| 432 | 0 |
_1001RU\NLR\bibl\728492 _12001#$aСтатистические методы. Статистическое управление качеством. термины и определения _9687925 _cМосква _d2001 _eИзд. офиц. _fРазработан Техническим комитетом по стандартизации ТК 125 "Статистические методы в управлении качеством продукции", Акционерным обществом "Научно-исследовательский центр контроля и диагностики технических систем" (АО "НИЦ КД") _iСтатистическое управление качеством _lStatistical methods. Statistical quality control. Terms and definitions _nИПК Изд-во стандартов _oтермины и определения : ГОСТ Р 50779.11-2000 (ИСО 3534-2-93) _pIV, 37 с. _tСтатистические методы |
|
| 510 | 1 |
_aStatistical methods _zeng |
|
| 510 | 1 |
_aVocabulary and symbols _zeng |
|
| 510 | 1 |
_aApplied statistics _zeng |
|
| 517 | 1 | _aГОСТ Р ИСО 3534-2-2019 | |
| 606 | 1 |
_aСтатистика _jСтандарты _xТерминология _91866577 _3RU\NLR\AUTH\661138009 |
|
| 606 | 1 |
_aУправление _jСтандарты _xСтатистические методы _92085162 _3RU\NLR\AUTH\661261274 |
|
| 610 | 0 | _aприкладная статистика | |
| 610 | 0 | _aстатистическое управление процессами | |
| 610 | 0 | _aконтроль | |
| 675 | _a658.562.012.7:65.012.122:006.354 | ||
| 686 |
_a01.040.03 _v2000 _2ОКС |
||
| 686 |
_a03.120.30 _v2000 _2ОКС |
||
| 686 | 1 | _aС6в4я86 | |
| 686 | 1 | _aУ.в64я86 | |
| 712 | 0 | 1 |
_4725 _aРоссийская Федерация _bФедеральное агентство по техническому регулированию и метрологии _9630205 _3RU\NLR\AUTH\8810064304 |
| 712 | 0 | 2 |
_4900 _aНаучно-исследовательский центр контроля и диагностики технических систем _cНижний Новгород _9536022 _3RU\NLR\AUTH\880435848 |
| 942 | _cBOOK | ||
| 980 | _aNBR | ||
| 980 | _aNB | ||